[Event "1. OEsterreichische Internet Schach Meisterschaft - Vorrunde 3"]
[Site "Online - Playchess.com"]
[Date ""]
[Round "6"]
[Board "75"]
[White "Tischler, Michel"]
[Black "Borrmann, Laurenz"]
[Result "0-1"]
[WhiteElo "1517"]
[BlackElo "1880"]
[PlyCount "62"]
[EventDate "2020.04.17"]
[EventRounds "9"]
[EventCountry "AUT"]

1. e4 c5 2. Nf3 d6 3. d4 cxd4 4. Nxd4 Nf6 5. Nc3 e5 6. Nb3 Nc6 7. f3 a6 8. Bg5 Be7
9. Be2 b5 10. Be3 Bb7 11. Nd5 Nxd5 12. exd5 Nb8 13. O-O f5 14. a4 bxa4 15. Rxa4 O-O
16. Qd2 Nd7 17. Rfa1 Nb6 18. R4a2 Nxd5 19. Bxa6 Rxa6 20. Rxa6 Nxe3 21. Ra7 Qb6 22.
Kh1 Nc4 23. Qc3 Rc8 24. Nd2 Nxd2 25. Qxd2 Qxb2 26. R7a2 Qb6 27. Ra7 Bf6 28. h3 e4
29. R1a2 exf3 30. gxf3 Bxf3+ 31. Kh2 Be5+  0-1

[Event "1. OEsterreichische Internet Schach Meisterschaft - Vorrunde 3"]
[Site "Online - Playchess.com"]
[Date ""]
[Round "6"]
[Board "76"]
[White "Lager, Johannes"]
[Black "Virag, Herbert"]
[Result "1-0"]
[WhiteElo "1611"]
[BlackElo "1776"]
[PlyCount "111"]
[EventDate "2020.04.17"]
[EventRounds "9"]
[EventCountry "AUT"]

1. e4 c5 2. Nc3 Nc6 3. g3 g6 4. Bg2 Bg7 5. d3 e6 6. f4 d6 7. Nf3 Nge7 8. O-O O-O
9. h3 Rb8 10. g4 f5 11. Ne2 Bd7 12. Ng3 b5 13. c3 a5 14. g5 b4 15. c4 Nd4 16. h4
a4 17. Rb1 Nxf3+ 18. Bxf3 Bc6 19. h5 Qc7 20. Kg2 b3 21. a3 Qd7 22. Rh1 d5 23. cxd5
exd5 24. e5 d4 25. hxg6 hxg6 26. Bd2 Bxf3+ 27. Qxf3 Qd5 28. Ne2 Qxf3+ 29. Kxf3 Nd5
30. Rbc1 Rbc8 31. Ng3 Kf7 32. Rc4 Nb6 33. Rcc1 c4 34. dxc4 Rxc4 35. Bb4 Rfc8 36.
Ne2 Nd5 37. Bd2 Rxc1 38. Rxc1 Rxc1 39. Bxc1 Bf8 40. Nxd4 Bc5 41. Be3 Bxd4 42. Bxd4
Ke6 43. Be3 Ne7 44. Ke2 Kd5 45. Kd3 Nc6 46. Kc3 Ke4 47. Bc1 Nd4 48. Kb4 Ne2 49. Bd2
Nxf4 50. Bxf4 Kxf4 51. e6 Kg3 52. e7 f4 53. e8=Q f3 54. Qe5+ Kg2 55. Qe4 Kf2 56.
Kc3  1-0

[Event "1. OEsterreichische Internet Schach Meisterschaft - Vorrunde 3"]
[Site "Online - Playchess.com"]
[Date ""]
[Round "6"]
[Board "77"]
[White "Fugger, Christian"]
[Black "Andreatta, Ralph"]
[Result "1/2-1/2"]
[WhiteElo "1807"]
[BlackElo "1623"]
[PlyCount "48"]
[EventDate "2020.04.17"]
[EventRounds "9"]
[EventCountry "AUT"]

1. Nf3 d5 2. b3 e6 3. Bb2 Nf6 4. e3 g6 5. c4 dxc4 6. Bxc4 Bg7 7. O-O O-O 8. Nc3 b6
9. Rc1 c5 10. d4 cxd4 11. Nxd4 Bb7 12. Qe2 Nbd7 13. Rfd1 Qe8 14. Bb5 a6 15. Bd3 Qb8
16. e4 Nc5 17. b4 Nxd3 18. Qxd3 Qf4 19. Nde2 Qh4 20. Ng3 Rad8 21. Qe2 Rxd1+ 22. Rxd1
b5 23. a3 Ng4 24. h3 Ne5  1/2-1/2

[Event "1. OEsterreichische Internet Schach Meisterschaft - Vorrunde 3"]
[Site "Online - Playchess.com"]
[Date ""]
[Round "6"]
[Board "78"]
[White "Pedevilla, Luis"]
[Black "Ploeckinger, Paul"]
[Result "1-0"]
[WhiteElo "1650"]
[BlackElo "1334"]
[PlyCount "109"]
[EventDate "2020.04.17"]
[EventRounds "9"]
[EventCountry "AUT"]

1. e4 c5 2. Nc3 g6 3. f4 Bg7 4. Nf3 Nc6 5. Bb5 Nd4 6. O-O Nxb5 7. Nxb5 a6 8. Nc3
e6 9. Kh1 d5 10. e5 Ne7 11. d3 h5 12. Qe1 b5 13. a3 c4 14. d4 Bb7 15. Be3 Nf5 16.
Rb1 h4 17. Bf2 h3 18. g3 Qc7 19. Ne2 a5 20. Qd2 Bf8 21. c3 Rb8 22. b4 axb4 23. axb4
Ra8 24. Ra1 Be7 25. Rxa8+ Bxa8 26. Ra1 Bc6 27. Qa2 O-O 28. Qa7 Qxa7 29. Rxa7 Ra8
30. Rxa8+ Bxa8 31. Nc1 Bc6 32. Ne2 Kg7 33. Neg1 Nh6 34. Nxh3 f6 35. Kg2 fxe5 36.
dxe5 Nf5 37. Nd4 Nxd4 38. Bxd4 Kh6 39. g4 Kg7 40. Kf3 Kh6 41. Nf2 Bh4 42. h3 g5 43.
f5 exf5 44. gxf5 Bxf2 45. Bxf2 Kh5 46. e6 Be8 47. Ke3 g4 48. hxg4+ Kxg4 49. f6 Kg5
50. f7 Bxf7 51. exf7 Kf6 52. f8=Q+ Ke6 53. Bg3 d4+ 54. cxd4 Kd5 55. Qd6#  1-0

[Event "1. OEsterreichische Internet Schach Meisterschaft - Vorrunde 3"]
[Site "Online - Playchess.com"]
[Date ""]
[Round "6"]
[Board "79"]
[White "Nolz, Tom"]
[Black "Hessenberger, Andreas"]
[Result "1-0"]
[WhiteElo "2157"]
[BlackElo "2019"]
[PlyCount "77"]
[EventDate "2020.04.17"]
[EventRounds "9"]
[EventCountry "AUT"]

1. e4 c5 2. Nc3 Nc6 3. Bb5 a6 4. Bxc6 bxc6 5. Nge2 e5 6. O-O Be7 7. f4 d6 8. fxe5
dxe5 9. d3 Nf6 10. Ng3 O-O 11. Nf5 Bxf5 12. Rxf5 Bd6 13. Bg5 Be7 14. Rxe5 h6 15.
Be3 Bd6 16. Rf5 Nd7 17. Qf3 Rb8 18. b3 Qa5 19. Bd2 Qc7 20. Qh3 Be5 21. Raf1 Rbe8
22. Ne2 Re6 23. Rxf7 Rd6 24. Qf5 Bf6 25. Rxf8+ Nxf8 26. Qxc5 Ne6 27. Qc4 Kh8 28.
Bxh6 Qa7+ 29. Kh1 gxh6 30. Rxf6 Qe3 31. Rxe6 Qxe2 32. Re8+ Kg7 33. Qg8+ Kf6 34. e5+
Kf5 35. Qf7+ Kg4 36. Rg8+ Kh4 37. g3+ Kh3 38. Qf5+ Qg4 39. Qxg4#  1-0

[Event "1. OEsterreichische Internet Schach Meisterschaft - Vorrunde 3"]
[Site "Online - Playchess.com"]
[Date ""]
[Round "6"]
[Board "80"]
[White "Kranz, Armin"]
[Black "Hiermann, Dietmar"]
[Result "0-1"]
[WhiteElo "2119"]
[BlackElo "2250"]
[PlyCount "80"]
[EventDate "2020.04.17"]
[EventRounds "9"]
[EventCountry "AUT"]

1. d4 d5 2. Nf3 c6 3. c4 e6 4. Nc3 f5 5. e3 Nf6 6. Be2 Bd6 7. b3 O-O 8. Bb2 Nbd7
9. Qc1 Ne4 10. Na4 Qe7 11. a3 g5 12. Ne5 g4 13. g3 Ndf6 14. cxd5 exd5 15. Nc5 Nxc5
16. dxc5 Bxe5 17. Bxe5 Qxe5 18. Ra2 Be6 19. O-O Rae8 20. Rd2 Ne4 21. Rd4 Qg7 22.
b4 a6 23. a4 Ng5 24. b5 axb5 25. axb5 Bd7 26. b6 Nh3+ 27. Kg2 h5 28. Qb2 Re4 29.
Rfd1 Rfe8 30. Bd3 Rxd4 31. exd4 f4 32. Ra1 fxg3 33. hxg3 Rf8 34. Rf1 Bf5 35. Bxf5
Rxf5 36. f4 gxf3+ 37. Kxh3 Qg4+ 38. Kh2 h4 39. Rg1 hxg3+ 40. Rxg3 Rh5+  0-1

[Event "1. OEsterreichische Internet Schach Meisterschaft - Vorrunde 3"]
[Site "Online - Playchess.com"]
[Date ""]
[Round "6"]
[Board "81"]
[White "Grafenberger, Dieter"]
[Black "Schwabeneder, Alois"]
[Result "1-0"]
[WhiteElo "1953"]
[BlackElo "2004"]
[PlyCount "105"]
[EventDate "2020.04.17"]
[EventRounds "9"]
[EventCountry "AUT"]

1. d4 Nf6 2. Bg5 Ne4 3. Bf4 d5 4. f3 Nd6 5. Nd2 c6 6. c3 Bf5 7. Qb3 e6 8. e3 Qb6
9. Ne2 Nd7 10. Ng3 Bg6 11. Be2 Be7 12. h4 h6 13. h5 Bh7 14. e4 O-O 15. e5 Nf5 16.
Nxf5 Bxf5 17. g4 Bh7 18. Nf1 Qc7 19. Qd1 c5 20. Qd2 cxd4 21. cxd4 Rac8 22. Ne3 Qb6
23. a3 Qb3 24. O-O Rc7 25. Rac1 Rfc8 26. Rxc7 Rxc7 27. Rc1 Rc6 28. Rxc6 bxc6 29.
Nd1 c5 30. Bxh6 gxh6 31. Qxh6 cxd4 32. g5 d3 33. g6 fxg6 34. hxg6 Qb6+ 35. Kg2 Bxg6
36. Qxg6+ Kf8 37. Bxd3 Nxe5 38. Qh6+ Ke8 39. Qh8+ Kd7 40. Qxe5 Qb3 41. Be2 Qc2 42.
Qe3 Qg6+ 43. Kf1 a6 44. Qb6 Qb1 45. Qxa6 Ke8 46. Qb5+ Kf7 47. Qb7 Qc1 48. Qb3 Qf4
49. Qd3 Bh4 50. Nf2 Qg3 51. Qe3 Ke7 52. Nd3 Qe1+ 53. Nxe1  1-0

[Event "1. OEsterreichische Internet Schach Meisterschaft - Vorrunde 3"]
[Site "Online - Playchess.com"]
[Date ""]
[Round "6"]
[Board "82"]
[White "Enne, Harald"]
[Black "Maister, Dieter"]
[Result "0-1"]
[WhiteElo "1916"]
[BlackElo "1851"]
[PlyCount "116"]
[EventDate "2020.04.17"]
[EventRounds "9"]
[EventCountry "AUT"]

1. d4 c6 2. c4 d5 3. Nc3 Nf6 4. Nf3 e6 5. Bg5 Be7 6. e3 Nbd7 7. Qc2 O-O 8. Rc1 h6
9. Bh4 a6 10. a3 Re8 11. Bd3 dxc4 12. Bxc4 c5 13. O-O cxd4 14. exd4 b5 15. Ba2 Bb7
16. Ne5 Rc8 17. Rfe1 Nb6 18. Bb1 Nbd5 19. Nxf7 Kxf7 20. Qg6+ Kg8 21. Rxe6 Nf4 22.
Qf5 Nxe6 23. Qxe6+ Kh8 24. Qf7 Be4 25. Bxf6 Bxf6 26. Ba2 Bd5 27. Bxd5 Re7 28. Qh5
Bxd4 29. Bf3 Bxc3 30. bxc3 Rxc3 31. Rf1 Rd3 32. h3 Rd6 33. Qf5 Rf6 34. Qg4 Qd6 35.
Qc8+ Kh7 36. Qc2+ g6 37. Rd1 Qc7 38. Qd3 Rfe6 39. g3 Re1+ 40. Kg2 Rxd1 41. Qxd1 Rf7
42. Qd3 Qe7 43. Be4 h5 44. h4 Rf6 45. Qc2 Qf7 46. f4 Qe7 47. Qd3 Re6 48. Kf3 Qf6
49. Qc2 Rd6 50. Qb1 Kg7 51. Qc2 Rd4 52. Qc7+ Kh6 53. Qc2 Rd6 54. f5 Rd4 55. Qc1+
Kg7 56. Qf4 Qb6 57. f6+ Kf7 58. Qe5 Rd7  0-1

[Event "1. OEsterreichische Internet Schach Meisterschaft - Vorrunde 3"]
[Site "Online - Playchess.com"]
[Date ""]
[Round "6"]
[Board "83"]
[White "Kwech, Gregor"]
[Black "Friedl, Markus"]
[Result "1-0"]
[WhiteElo "1064"]
[BlackElo "1824"]
[PlyCount "119"]
[EventDate "2020.04.17"]
[EventRounds "9"]
[EventCountry "AUT"]

1. c4 e5 2. Nc3 Bc5 3. d3 d6 4. g3 c6 5. Bg2 Ne7 6. Nf3 O-O 7. O-O Ng6 8. Bd2 a6
9. a3 f5 10. b4 Ba7 11. a4 f4 12. e3 fxg3 13. hxg3 Be6 14. Re1 Nd7 15. Rc1 Bg4 16.
Na2 Qf6 17. Nc3 Bxf3 18. Qxf3 Qxf3 19. Bxf3 Rxf3 20. Kg2 Raf8 21. Rf1 R3f6 22. f4
exf4 23. exf4 Re8 24. Ne4 Rff8 25. Nxd6 Rb8 26. Rfe1 Nf6 27. b5 axb5 28. axb5 cxb5
29. cxb5 Bb6 30. Bc3 Rfd8 31. Bxf6 gxf6 32. Re6 Kg7 33. Nf5+ Kg8 34. Rxb6 Rxd3 35.
Rxf6 Rd2+ 36. Kf3 Rbd8 37. Rc7 R2d3+ 38. Kg4 R3d7 39. Rxd7 Rxd7 40. Rb6 Ne7 41. Nxe7+
Rxe7 42. f5 Rg7+ 43. Kf4 Rf7 44. g4 Kg7 45. g5 Rc7 46. Kg4 Rc4+ 47. Kh5 Rc7 48. f6+
Kg8 49. Re6 Rc5 50. Kh6 Rxb5 51. g6 hxg6 52. Kxg6 Kf8 53. f7 Rg5+ 54. Kxg5 Kxf7 55.
Rb6 Ke7 56. Rxb7+ Kd6 57. Rb5 Ke6 58. Kf4 Kd6 59. Ke4 Kc6 60. Rh5  1-0

[Event "1. OEsterreichische Internet Schach Meisterschaft - Vorrunde 3"]
[Site "Online - Playchess.com"]
[Date ""]
[Round "6"]
[Board "84"]
[White "Pasteiner, Gernot"]
[Black "Wurzer, Gerhard"]
[Result "0-1"]
[WhiteElo "1632"]
[BlackElo "1889"]
[PlyCount "88"]
[EventDate "2020.04.17"]
[EventRounds "9"]
[EventCountry "AUT"]

1. e4 c6 2. c4 d6 3. Nf3 Qc7 4. Nc3 e5 5. b3 Nf6 6. Bb2 Be7 7. Be2 Nbd7 8. O-O Nf8
9. Re1 Ng6 10. d4 O-O 11. dxe5 dxe5 12. Qc2 a5 13. Rad1 Bd7 14. h3 Rad8 15. Qc1 Bc8
16. a3 Nf4 17. Rxd8 Rxd8 18. Rd1 Rxd1+ 19. Qxd1 Qd6 20. Qxd6 Bxd6 21. g3 Nxe2+ 22.
Nxe2 Bxh3 23. Nxe5 Nxe4 24. Nd7 Bxd7 25. Nd4 Be5 26. f3 Nxg3 27. Kg2 Bxd4 28. Bxd4
Nf5 29. Bb6 a4 30. bxa4 Kf8 31. Bc5+ Ke8 32. Kf2 Be6 33. Bb4 Bxc4 34. Bc3 Kd7 35.
a5 Ke6 36. Ke1 Kd5 37. Kd2 Nd4 38. Ke3 Nb5 39. Bxg7 Nxa3 40. Bf8 Nb5 41. f4 Ke6 42.
Ke4 Bd5+ 43. Ke3 Kf5 44. Bg7 h5  0-1

[Event "1. OEsterreichische Internet Schach Meisterschaft - Vorrunde 3"]
[Site "Online - Playchess.com"]
[Date ""]
[Round "6"]
[Board "85"]
[White "Kwech, Martin"]
[Black "Heinemann, Stephan"]
[Result "0-1"]
[WhiteElo "1105"]
[BlackElo "1664"]
[PlyCount "100"]
[EventDate "2020.04.17"]
[EventRounds "9"]
[EventCountry "AUT"]

1. e4 d5 2. exd5 Nf6 3. Nf3 Bg4 4. h3 Bh5 5. Nc3 Nxd5 6. Nxd5 Qxd5 7. Be2 Nc6 8.
d3 O-O-O 9. O-O e6 10. Bf4 Bd6 11. Bxd6 Qxd6 12. Nd2 Bg6 13. Bf3 f5 14. Nc4 Qc5 15.
Bxc6 Qxc6 16. Ne5 Qd5 17. Nxg6 hxg6 18. Re1 g5 19. Qe2 Rde8 20. c3 Qd6 21. d4 g4
22. Qe3 gxh3 23. gxh3 Rh6 24. Kf1 Reh8 25. Kg2 Qd5+ 26. Kh2 Rg6 27. Rg1 Rhh6 28.
Rxg6 Rxg6 29. Rg1 Rxg1 30. Kxg1 Kd7 31. b3 Qd6 32. Qg5 Qe7 33. Qf4 g5 34. Qe5 a6
35. d5 b5 36. dxe6+ Qxe6 37. Qg7+ Qe7 38. Qd4+ Qd6 39. Qg7+ Qe7 40. Qd4+ Kc6 41.
Qe3 Qxe3 42. fxe3 Kd5 43. Kf2 Ke4 44. Ke2 c6 45. a4 c5 46. axb5 axb5 47. b4 c4 48.
Kf2 Kd3 49. Kf3 Kxc3 50. Ke2 Kxb4  0-1

[Event "1. OEsterreichische Internet Schach Meisterschaft - Vorrunde 3"]
[Site "Online - Playchess.com"]
[Date ""]
[Round "6"]
[Board "86"]
[White "Haemmerle, Dietmar"]
[Black "Moerzinger, Christian Jun."]
[Result "1-0"]
[WhiteElo "1762"]
[BlackElo "1638"]
[PlyCount "155"]
[EventDate "2020.04.17"]
[EventRounds "9"]
[EventCountry "AUT"]

1. e4 e5 2. Nf3 Nc6 3. Bc4 d6 4. O-O g6 5. Nc3 Bg7 6. a3 Nf6 7. d3 O-O 8. h3 Be6
9. Bxe6 fxe6 10. Bg5 h6 11. Be3 Kh7 12. Qd2 Nh5 13. Nh2 Nf4 14. Ne2 Nxe2+ 15. Qxe2
Nd4 16. Bxd4 exd4 17. f4 e5 18. f5 Qg5 19. fxg6+ Qxg6 20. Rxf8 Rxf8 21. Rf1 Rxf1+
22. Qxf1 Qg5 23. Ng4 h5 24. Nf2 Bh6 25. Qd1 Kg6 26. g4 h4 27. Qf3 Qc1+ 28. Kg2 Bf4
29. Qe2 Qxb2 30. a4 Qa3 31. g5 Qxa4 32. Qg4 Qxc2 33. Qxh4 Bxg5 34. Qg4 Qd2 35. h4
Qf4 36. Qe6+ Kh5 37. hxg5 Qxg5+ 38. Kf1 Qc1+ 39. Ke2 Qe3+ 40. Kf1 Qc1+ 41. Kg2 Qg5+
42. Kh2 Qh4+ 43. Nh3 a5 44. Qf5+ Kh6 45. Qf8+ Kh7 46. Qf7+ Kh6 47. Qg8 Qf6 48. Qa8
b6 49. Qc6 Qg6 50. Qxc7 Qh5 51. Qxd6+ Kg7 52. Qe7+ Kh6 53. Qf8+ Kg6 54. Qe8+ Kh6
55. Qe6+ Kg7 56. Qxb6 Qe2+ 57. Kg3 Qe3+ 58. Kg4 Qe2+ 59. Kf5 Qh5+ 60. Ng5 a4 61.
Qc7+ Kh6 62. Qd6+ Kg7 63. Qe7+ Kg8 64. Qe6+ Kf8 65. Qxe5 a3 66. Qf6+ Ke8 67. Qc6+
Kd8 68. Qd6+ Kc8 69. Qxa3 Qh1 70. Qc5+ Kd7 71. Qxd4+ Kc6 72. Qd5+ Kc7 73. Qe5+ Kd8
74. Ne6+ Kc8 75. Qc5+ Kd7 76. Qd5+ Ke7 77. Qd8+ Kf7 78. Qf8#  1-0

[Event "1. OEsterreichische Internet Schach Meisterschaft - Vorrunde 3"]
[Site "Online - Playchess.com"]
[Date ""]
[Round "6"]
[Board "87"]
[White "Ardelt, Hannes"]
[Black "Egger, Stefanie"]
[Result "1-0"]
[WhiteElo "1732"]
[BlackElo "1442"]
[PlyCount "79"]
[EventDate "2020.04.17"]
[EventRounds "9"]
[EventCountry "AUT"]

1. b4 e5 2. Bb2 Nc6 3. b5 Nd4 4. e3 Nf5 5. Bxe5 d6 6. Bb2 Nf6 7. Nf3 Bd7 8. a4 Be7
9. c4 O-O 10. Be2 Be6 11. O-O d5 12. d3 dxc4 13. dxc4 Nd6 14. Qc2 Bf5 15. Qb3 Be4
16. Nbd2 Nf5 17. Rad1 Bd6 18. Bxf6 Qxf6 19. Nxe4 Qe6 20. Nxd6 Nxd6 21. Nd4 Qf6 22.
c5 Ne4 23. Bf3 Nxc5 24. Qc4 Qb6 25. a5 Qd6 26. Nf5 Qe5 27. Qf4 Qf6 28. Nd4 Qe7 29.
Qg4 h6 30. Nf5 Qf6 31. Be4 Ne6 32. Nh4 Ng5 33. Qf5 Qe7 34. f3 Nxe4 35. Qxe4 Qf6 36.
Nf5 Qc3 37. Ne7+ Kh8 38. a6 b6 39. Qd4 Qa3 40. Nf5  1-0

[Event "1. OEsterreichische Internet Schach Meisterschaft - Vorrunde 3"]
[Site "Online - Playchess.com"]
[Date ""]
[Round "6"]
[Board "88"]
[White "Rotter, Harald"]
[Black "Hofer, Martin"]
[Result "1-0"]
[WhiteElo "1854"]
[BlackElo "1603"]
[PlyCount "109"]
[EventDate "2020.04.17"]
[EventRounds "9"]
[EventCountry "AUT"]

1. e4 d5 2. exd5 Nf6 3. g3 Qxd5 4. Qf3 Qxf3 5. Nxf3 e6 6. Bg2 c6 7. d3 h6 8. h3 Bd6
9. Nc3 Nbd7 10. Bd2 O-O 11. O-O-O Re8 12. g4 Nd5 13. g5 hxg5 14. Nxg5 f6 15. Nge4
Bf4 16. Rhg1 f5 17. Ng5 Be5 18. Nxd5 exd5 19. Rge1 Nf6 20. Nf3 Bd6 21. Rxe8+ Nxe8
22. h4 Bd7 23. Bh3 g6 24. Rg1 Kh7 25. Ng5+ Kg7 26. h5 Nf6 27. hxg6 Nh5 28. Nf3 Nf6
29. Nh4 f4 30. Bxd7 Nxd7 31. Nf5+ Kg8 32. Nxd6 Rd8 33. Bxf4 Nf6 34. Nf5 Nh5 35. Bg5
Rd6 36. Be7 Re6 37. Kd2 Ng7 38. Nxg7 Kxg7 39. Bg5 Rxg6 40. f4 Kf7 41. Re1 Re6 42.
Rxe6 Kxe6 43. d4 Kf5 44. c3 a5 45. a4 b5 46. axb5 cxb5 47. Kc2 Kg6 48. b3 Kf5 49.
Bh6 Kg6 50. Bg5 Kf5 51. Bd8 a4 52. bxa4 bxa4 53. Bg5 Ke4 54. Kb2 Kd3 55. f5  1-0

[Event "1. OEsterreichische Internet Schach Meisterschaft - Vorrunde 3"]
[Site "Online - Playchess.com"]
[Date ""]
[Round "6"]
[Board "89"]
[White "Galler, Alexander"]
[Black "Staudacher, Karl-Heinz"]
[Result "1-0"]
[WhiteElo "1772"]
[BlackElo "1734"]
[PlyCount "55"]
[EventDate "2020.04.17"]
[EventRounds "9"]
[EventCountry "AUT"]

1. e4 c5 2. Nc3 Nc6 3. f4 e6 4. Nf3 d5 5. Bb5 Bd7 6. Bxc6 Bxc6 7. e5 a6 8. O-O b5
9. Ne2 Ne7 10. Kh1 h5 11. d4 c4 12. c3 h4 13. h3 Nf5 14. Kh2 Be7 15. Ng5 Bxg5 16.
fxg5 Rh5 17. Nf4 Rh8 18. Nh5 Qe7 19. Rxf5 exf5 20. Nxg7+ Kf8 21. Nxf5 Qe6 22. Qf3
Bd7 23. Nd6 Qg6 24. Be3 Rh5 25. Rf1 Be6 26. Nb7 Kg7 27. Nc5 Rf8 28. Nxe6+  1-0

[Event "1. OEsterreichische Internet Schach Meisterschaft - Vorrunde 3"]
[Site "Online - Playchess.com"]
[Date ""]
[Round "6"]
[Board "90"]
[White "Thummer, Philipp"]
[Black "Studener, Simon"]
[Result "1-0"]
[WhiteElo "1207"]
[BlackElo "1678"]
[PlyCount "129"]
[EventDate "2020.04.17"]
[EventRounds "9"]
[EventCountry "AUT"]

1. e4 e5 2. Nf3 Nc6 3. Bc4 Bc5 4. O-O Nf6 5. d3 O-O 6. h3 d6 7. Be3 Bb6 8. Bxb6 axb6
9. Nc3 Be6 10. Nd5 Bxd5 11. Bxd5 Nxd5 12. exd5 Ne7 13. c4 Qd7 14. Nd2 b5 15. b3 h6
16. f4 exf4 17. Rxf4 Ng6 18. Re4 Ne5 19. Nf3 Nxf3+ 20. Qxf3 bxc4 21. dxc4 Rfe8 22.
a4 Rxe4 23. Qxe4 Re8 24. Qf3 Qe7 25. Rf1 Qe3+ 26. Qxe3 Rxe3 27. Rf3 Rxf3 28. gxf3
Kf8 29. Kf2 Ke7 30. Ke3 Kf6 31. Kf4 g6 32. b4 Ke7 33. c5 dxc5 34. bxc5 Kd7 35. Ke5
Ke7 36. d6+ cxd6+ 37. cxd6+ Kd7 38. Kf6 Kxd6 39. Kxf7 g5 40. Kg6 Kc5 41. Kxh6 Kb4
42. Kxg5 Kxa4 43. f4 b5 44. f5 b4 45. f6 b3 46. f7 b2 47. f8=Q b1=Q 48. Qa8+ Kb3
49. Qb7+ Kc2 50. Qxb1+ Kxb1 51. h4 Kc2 52. h5 Kd3 53. h6 Ke3 54. h7 Ke4 55. h8=Q
Kf3 56. Qf6+ Ke4 57. Qf5+ Kd4 58. Kf4 Kc3 59. Qe4 Kd2 60. Qf3 Kc1 61. Qe2 Kb1 62.
Ke3 Ka1 63. Kd3 Kb1 64. Kc3 Ka1 65. Qb2#  1-0

[Event "1. OEsterreichische Internet Schach Meisterschaft - Vorrunde 3"]
[Site "Online - Playchess.com"]
[Date ""]
[Round "6"]
[Board "91"]
[White "Moerwald, Miriam"]
[Black "Jeitler, Selina"]
[Result "1-0"]
[WhiteElo "1760"]
[BlackElo "1201"]
[PlyCount "51"]
[EventDate "2020.04.17"]
[EventRounds "9"]
[EventCountry "AUT"]

1. e4 e5 2. Nf3 Nc6 3. Nc3 Nf6 4. Bb5 a6 5. Bxc6 dxc6 6. Nxe5 Qd4 7. Nf3 Bg4 8.
Nxd4 Bxd1 9. Kxd1 Bc5 10. Nf5 O-O 11. d4 Bb4 12. f3 Rad8 13. Be3 c5 14. d5 Ne8 15.
Ke2 Nd6 16. Nxd6 cxd6 17. Kf2 b5 18. a3 Ba5 19. h4 Bc7 20. h5 h6 21. g4 Rfe8 22.
g5 Re5 23. gxh6 gxh6 24. Bxh6 Kh7 25. Bf4 Re7 26. Bg5  1-0

[Event "1. OEsterreichische Internet Schach Meisterschaft - Vorrunde 3"]
[Site "Online - Playchess.com"]
[Date ""]
[Round "6"]
[Board "92"]
[White "Kipman, Felix"]
[Black "Astner, Klaus"]
[Result "1-0"]
[WhiteElo "1576"]
[BlackElo "1409"]
[PlyCount "61"]
[EventDate "2020.04.17"]
[EventRounds "9"]
[EventCountry "AUT"]

1. e4 c6 2. d4 d5 3. exd5 cxd5 4. c3 Nf6 5. Bd3 e6 6. Bg5 Be7 7. Nf3 O-O 8. Nbd2
h6 9. Bh4 Nbd7 10. O-O Qb6 11. Qc2 Re8 12. Rfe1 a6 13. Ne5 Ne4 14. Nxd7 Qc7 15. Bxe4
dxe4 16. Bxe7 Bxd7 17. Bh4 Bc6 18. Bg3 Qd8 19. Nxe4 Bxe4 20. Qxe4 b5 21. Qg4 Qd5
22. Re5 Qd7 23. Bf4 f5 24. Qg6 Re7 25. Bxh6 Qb7 26. Rxe6 Rxe6 27. Qxe6+ Kf8 28. Bf4
Rd8 29. Bd6+ Rxd6 30. Qxd6+ Kg8 31. Qe6+  1-0

[Event "1. OEsterreichische Internet Schach Meisterschaft - Vorrunde 3"]
[Site "Online - Playchess.com"]
[Date ""]
[Round "6"]
[Board "95"]
[White "Ussar, Reinhard"]
[Black "Gaspar, Zdravko"]
[Result "1-0"]
[WhiteElo "1676"]
[BlackElo "1618"]
[PlyCount "151"]
[EventDate "2020.04.17"]
[EventRounds "9"]
[EventCountry "AUT"]

1. e4 c6 2. d4 d5 3. exd5 cxd5 4. c4 Nf6 5. Nc3 a6 6. a4 Bf5 7. Nge2 e6 8. Ng3 Bg6
9. h4 h6 10. h5 Bh7 11. c5 Nc6 12. Be2 Be7 13. O-O O-O 14. f4 b5 15. axb5 axb5 16.
Rxa8 Qxa8 17. Nxb5 Qa6 18. f5 Qc8 19. Qa4 e5 20. Nd6 Bxd6 21. cxd6 Nxd4 22. d7 Qc7
23. Bb5 Rd8 24. Be3 Nxb5 25. Qxb5 Qxd7 26. Qb6 d4 27. Bd2 Qd6 28. Qa5 Qd5 29. Ra1
Ne4 30. Qc5 Qxc5 31. Ra5 Qc2 32. Nxe4 Qxe4 33. Rb5 Bxf5 34. Ba5 Qe1+ 35. Kh2 Rd7
36. Rb8+ Kh7 37. Bxe1 e4 38. Re8 e3 39. Kg3 g6 40. Kf4 Bc2 41. Rf8 Bf5 42. Re8 Bb1
43. Bb4 d3 44. Bc3 gxh5 45. Rh8+ Kg6 46. Rg8+ Kh7 47. Rg7+ Kh8 48. Rxf7+ Kg8 49.
Rxd7 d2 50. Bxd2 exd2 51. Rxd2 Bf5 52. Rd6 Bg4 53. Rxh6 Kf7 54. Rb6 Ke7 55. Rb7+
Kd8 56. Rg7 Kc8 57. Rxg4 hxg4 58. Kxg4 Kd7 59. Kf5 Ke7 60. b4 Kd7 61. b5 Kc7 62.
g4 Kb6 63. g5 Kxb5 64. g6 Kc5 65. Kf6 Kd4 66. g7 Ke4 67. g8=Q Kf3 68. Qg5 Kf2 69.
Qg4 Ke3 70. Ke5 Kd3 71. Qd4+ Ke2 72. Qc3 Kd1 73. Qb2 Ke1 74. Ke4 Kf1 75. Kf3 Ke1
76. Qe2#  1-0

[Event "1. OEsterreichische Internet Schach Meisterschaft - Vorrunde 3"]
[Site "Online - Playchess.com"]
[Date ""]
[Round "6"]
[Board "96"]
[White "Tolstykh, Makarius"]
[Black "Kellner, Nikolaus"]
[Result "0-1"]
[WhiteElo "1061"]
[BlackElo "1685"]
[PlyCount "48"]
[EventDate "2020.04.17"]
[EventRounds "9"]
[EventCountry "AUT"]

1. c4 f5 2. Nc3 e6 3. e3 Nf6 4. g3 d6 5. Nge2 e5 6. Bg2 Nc6 7. O-O Be7 8. Bh3 O-O
9. d4 e4 10. d5 Nb4 11. a3 Nd3 12. Bd2 b6 13. Nc1 Ng4 14. Nxd3 exd3 15. Bxg4 fxg4
16. Be1 Bf5 17. e4 Bc8 18. Qxd3 Rf3 19. Qe2 Ba6 20. b3 Qf8 21. Nb1 h5 22. Nd2 Rf7
23. Rc1 Bg5 24. c5 Bxe2  0-1

[Event "1. OEsterreichische Internet Schach Meisterschaft - Vorrunde 3"]
[Site "Online - Playchess.com"]
[Date ""]
[Round "6"]
[Board "97"]
[White "Janes, Christian"]
[Black "Kaltenbeck, Dieter"]
[Result "1-0"]
[WhiteElo "1726"]
[BlackElo "1314"]
[PlyCount "35"]
[EventDate "2020.04.17"]
[EventRounds "9"]
[EventCountry "AUT"]

1. e4 c6 2. Nf3 d5 3. e5 Bf5 4. d4 e6 5. c4 Qc7 6. cxd5 exd5 7. Nc3 Nd7 8. Bd3 Bxd3
9. Qxd3 O-O-O 10. O-O h5 11. Bg5 f6 12. exf6 gxf6 13. Bh4 Nh6 14. Bg3 Qb6 15. Rac1
Rg8 16. Nxd5 Qxb2 17. Qh7 Bg7 18. Ne7#  1-0

[Event "1. OEsterreichische Internet Schach Meisterschaft - Vorrunde 3"]
[Site "Online - Playchess.com"]
[Date ""]
[Round "6"]
[Board "99"]
[White "Mittelbach, Eduard"]
[Black "Ticar, Clemens"]
[Result "1-0"]
[WhiteElo "1667"]
[BlackElo "1753"]
[PlyCount "141"]
[EventDate "2020.04.17"]
[EventRounds "9"]
[EventCountry "AUT"]

1. e4 d6 2. d4 Nf6 3. Nc3 e5 4. dxe5 dxe5 5. Qxd8+ Kxd8 6. Bg5 Be6 7. O-O-O+ Nbd7
8. Bxf6+ gxf6 9. Bb5 c6 10. Ba4 Kc7 11. Nf3 Bh6+ 12. Kb1 b5 13. Bb3 Bxb3 14. cxb3
b4 15. Na4 Nb6 16. Nc5 a5 17. Rd3 a4 18. bxa4 Nxa4 19. Nxa4 Rxa4 20. Rhd1 Rha8 21.
Rd7+ Kb6 22. Nd2 Rxa2 23. Nc4+ Kb5 24. Na3+ bxa3 25. Kxa2 axb2+ 26. Kxb2 Ra4 27.
Rb7+ Kc5 28. Rdd7 Rxe4 29. Rxf7 Re2+ 30. Kc3 Rxf2 31. Rxf6 Rxf6 32. Rxh7 Bc1 33.
h3 Rf2 34. g4 Bd2+ 35. Kd3 Ba5 36. g5 Rg2 37. h4 Rg3+ 38. Ke4 Bc3 39. Rg7 Rf3 40.
h5 Rf1 41. h6 Re1+ 42. Kd3 Kb4 43. Rb7+ Kc5 44. h7 e4+ 45. Kxc3 Rh1 46. g6 e3 47.
Kd3 Rh3 48. g7 e2+ 49. Kxe2 Rh2+ 50. Kf3 Rxh7 51. g8=Q Rxb7 52. Qg5+ Kb6 53. Qe3+
Kb5 54. Ke2 c5 55. Kd2 Rd7+ 56. Kc3 c4 57. Qe8 Kc6 58. Kxc4 Kd6 59. Qb8+ Rc7+ 60.
Kb5 Kd7 61. Kb6 Rc1 62. Qf4 Rb1+ 63. Kc5 Rb7 64. Qf7+ Kc8 65. Qe8+ Kc7 66. Qe5+ Kc8
67. Kc6 Rd7 68. Qe8+ Rd8 69. Qe3 Kb8 70. Qb6+ Kc8 71. Qb7#  1-0